Report on Chemara tapping experiments conducted in co-operation with the Rubber Research Institute of Malaya (Record no. 66762)

MARC details
000 -LEADER
fixed length control field 00479nam a2200169Ia 4500
100 ## - MAIN ENTRY--AUTHOR NAME
Personal name De Jonge P
245 #0 - TITLE STATEMENT
Title Report on Chemara tapping experiments conducted in co-operation with the Rubber Research Institute of Malaya
260 ## - PUBLICATION, DISTRIBUTION, ETC. (IMPRINT)
Name of publisher Planters Bulletin
Year of publication 1965
300 ## - PHYSICAL DESCRIPTION
Number of Pages 194-204
650 ## - SUBJECT ADDED ENTRY--TOPICAL TERM
Topical Term Bark consumption
650 ## - SUBJECT ADDED ENTRY--TOPICAL TERM
Topical Term Bark renewal
650 ## - SUBJECT ADDED ENTRY--TOPICAL TERM
Topical Term Dry rubber
650 ## - SUBJECT ADDED ENTRY--TOPICAL TERM
Topical Term Malaya
650 ## - SUBJECT ADDED ENTRY--TOPICAL TERM
Topical Term Tapping
942 ## - ADDED ENTRY ELEMENTS (KOHA)
Koha item type Journals
Holdings
Withdrawn status Lost status Damaged status Not for loan Home library Current library Shelving location Date acquired Serial Enumeration / chronology Koha item type
      Journals RRII Library RRII Library Physiology 17/12/2021 Volume 80, Issue Journals